000 00725cam a2200253 4500500
005 20260329005348.0
041 _afre
042 _adc
100 1 0 _aEltchaninoff, Michel
_eauthor
245 0 0 _aEmmanuel Macron sous influence chinoise ?
260 _c2023.
500 _a2
690 _aAlliance
690 _aChine
690 _aEmmanuel Macron
690 _aÉtats-Unis
690 _aEurope
690 _aHistoire
690 _aIndépendance
690 _aMichel Eltchaninoff
690 _aRaymond Aron
786 0 _nPhilosophie magazine | 169 | 5 | 2023-05-01 | p. 10-10 | 1951-1787
856 4 1 _uhttps://shs.cairn.info/magazine-philosophie-magazine-2023-5-page-10?lang=fr&redirect-ssocas=7080
999 _c1842680
_d1842680